000 00368nam a2200157Ia 4500
005 20250423101747.0
008 250422s9999 xx 000 0 und d
020 _a0- 7645- 4776- 3
050 _aQA 76.73.X58 .T46/
100 _aJeni Tennison
245 0 _aXSLT and Xpath on the edge
260 _bM & T books
260 _c2001
300 _a608 p
942 _cBK
999 _c37197
_d37197